Представление документа в формате RUSMARC

ПолеНазваниеЗначение
  Тип записи a
  Библиографический уровень m
001 Контрольный номер RU/IS/BASE/361885672
005 Дата корректировки 20201206204807.0
010 Индекс ISBN __
a ISBN 978-5-397-00830-3 (в пер.)
d Цена 381-92
100 Данные общей обработки __
a Данные общей обработки 19091021d2009 |||y0rusy0189 ca
101 Язык документа __
a Язык текста rus
102 Страна публикации __
a Страна публикации RU
105 Кодированные данные (монография) __
a Кодированные данные (монография) y zzzz000zy
200 Заглавие и сведения об ответственности 1_
a Заглавие Основы музееведения
e Сведения, относящиеся к заглавию учеб. пособие для студентов высш. учеб. заведений, обучающихся по специальности 052800 "Музейное дело и охрана памятников"
f Первые сведения об ответственности [Т. В. Абанкина и др.]; отв. ред. Э. А. Шулепова; М-во культуры Российской Федерации, Российский ин-т культурологии
b Общее обозначение материала Текст
205 Сведения об издании __
a Основные сведения об издании 2-е изд., испр.
210 Выходные данные __
a Место издания М.
c Издательство ЛИБРОКОМ
d Дата издания 2010
215 Физическое описание __
a Объем 430 с.
c Иллюстрации/тип воспроизводства ил.
d Формат 22 см
300 Общие примечания __
a Общие примечания Авт. указ. на обороте тит. л.
320 Библиография __
a Библиография Библиогр. в конце гл.
330 Аннотация __
a Аннотация Учебное пособие представляет музеи как архив человеческой памяти, приобщающий посетителей к культурному наследию и служащий социокультурным потребностям современного человека. Раскрыта история музеев мира и России.
606 Тематические рубрики __
a Основная рубрика Музейное дело. Музееведение
606 Тематические рубрики __
a Основная рубрика Общие вопросы музейного дела
606 Тематические рубрики __
a Основная рубрика Теория и методика музейного дела
610 Ключевые слова __
a Ключевые слова музееведение; музейные предметы; музейное источниковедение; развитие музеев; музейная практика; музейные экспозиции; музеи; выставки; музейное просветительство; музейный менеджмент; музейные коммуникации; музейный маркетинг; информационные технологии; музейное образование; интернет-каталоги; электронные экспозиции; музейные веб-сайты; музейное дело; советские музеи; классификация музеев; музейные фонды; просветительская работа; музеефикация памятников; музейная педагогика; экспозиционные приемы; экспозиционные материалы
686 Индексы других классификаций __
a Классификационный индекс 79.1я73
702 Вторичная интеллектуальная ответственность _1
a Фамилия Абанкина
b Имя Т. В.
4 Код отношения Автор
702 Вторичная интеллектуальная ответственность _1
a Фамилия Шулепова
b Имя Э. А.
4 Код отношения Редактор
g Полное личное имя Элеонора Александровна
801 Источник записи _0
a Страна RU
b Организация Муниципальное бюджетное учреждение культуры "Централизованная библиотечная система" г. Сургут (Центральная городская библиотека им. А. С. Пушкина)
c Дата составления 20091021
g Правила каталогизации КИК/Елгина
801 Источник записи _1
a Страна RU
b Организация Муниципальное бюджетное учреждение культуры "Централизованная библиотечная система" г. Сургут (Центральная городская библиотека им. А. С. Пушкина)
c Дата составления 20091021
g Правила каталогизации КИК/Елгина
852 Данные о местонахождении __
j Шифр хранения 79.1я73
i Авторский знак О-75
901 Тип документа __
t Тип документа m
903 Характеристики (МАРС) __
a Дата передачи 20110620
969 Тип издания __
a Тип издания учебное пособие
990 Данные о заказе (DOS) __
j Количество экземпляров (DOS) 1
t N записи в КСУ для И/У (DOS) 201107